Relocating modern science: (Record no. 8267)

MARC details
000 -LEADER
fixed length control field 00679 a2200181 4500
010 ## - LCCN (DPL NO)
LC control number ENG-88392
020 ## - INTERNATIONAL STANDARD BOOK NUMBER
International Standard Book Number 8178241463
Terms of availability 650.00
035 ## - SYSTEM CONTROL NUMBER
System control number EN-71925
037 ## - SOURCE OF ACQUISITION
Source of stock number/acquisition DBAD / PUB
082 14 - DEWEY DECIMAL CLASSIFICATION NUMBER
Classification number 507.22
100 1# - MAIN ENTRY--PERSONAL NAME
Personal name Kapil Raj
245 1# - TITLE STATEMENT
Title Relocating modern science:
Statement of responsibility, etc by Kapil Raj
Remainder of title circulation and the construction of scientific knowledge in South Asia and Europe seventeenth to nineteenth centuries/
260 ## - PUBLICATION, DISTRIBUTION, ETC. (IMPRINT)
Place of publication, distribution, etc Delhi
Name of publisher, distributor, etc Permanent Black
Date of publication, distribution, etc 2006
270 ## - ADDRESS
Address D-28, Oxford Apartments, 11, I.P.Extension,
City Delhi
Postal code 110 092
300 ## - PHYSICAL DESCRIPTION
Extent xiii, 285 p.
Dimensions 23cm (Hb)
500 ## - GENERAL NOTE
General note Includes bibliographical references and index
942 ## - ADDED ENTRY ELEMENTS (KOHA)
Institution code [OBSOLETE] dpl
Item type English Books
Source of classification or shelving scheme Dewey Decimal Classification
Classification part 507.22
Call number suffix KAP
Holdings
Withdrawn status Lost status Not for loan Collection code Home library Current library Source of acquisition Cost, normal purchase price Full call number Barcode Copy number Cost, replacement price Koha item type
    Not For Loan Non-fiction D.B.Act.Division D.B.Act.Division DBAD/PUB 650.00 507.22 KAP EN-71925 1 650.00 English Books

© Delhi Public Library
Hit Counter
free hit counter